000 00256nam a22001097a 4500
008 180802b xxu||||| |||| 00| 0 eng d
082 _a813.52
245 _aThe Cambridge Lectures
_cHawking,S.W
260 _c1996
300 _a4
_fCassette
942 _2ddc
_cMX
999 _c46730
_d46730